书目信息 |
| 题名: |
长笛吹奏入门
|
|
| 作者: | 杜慧 编著 | |
| 分册: | ||
| 出版信息: | 北京 金盾出版社 2014 |
|
| 页数: | 166页 | |
| 开本: | 29cm | |
| 丛书名: | ||
| 单 册: | ||
| 中图分类: | J621.16 | |
| 科图分类: | ||
| 主题词: | 长笛--chang di--吹奏法 | |
| 电子资源: | ||
| ISBN: | 978-7-5082-9049-2 | |
| 000 | 00736nam0 2200229 450 | |
| 001 | 340479 | |
| 005 | 20150625154308.67 | |
| 010 | @a978-7-5082-9049-2@dCNY28.00 | |
| 100 | @a20140821d2014 em y0chiy50 ea | |
| 101 | 0 | @achi |
| 102 | @aCN@b110000 | |
| 105 | @aag z 000yy | |
| 106 | @ar | |
| 200 | 1 | @a长笛吹奏入门@Achang di chui zou ru men@f杜慧编著 |
| 210 | @a北京@c金盾出版社@d2014 | |
| 215 | @a166页@c图@d29cm | |
| 330 | @a本书围绕初学长笛需要掌握的基础知识和基本技能两大关键内容作了通俗易懂的讲解。主要内容包括: 概述、基础乐理、长笛的演奏方法、基础练习、演奏曲目等。 | |
| 606 | 0 | @a长笛@Achang di@x吹奏法 |
| 690 | @aJ621.16@v5 | |
| 701 | 0 | @a杜慧@Adu hui@4编著 |
| 801 | 0 | @aCN@b卓展宏图@c20150525 |
| 905 | @dJ621.16@e254@f4 | |
| 长笛吹奏入门/杜慧编著.-北京:金盾出版社,2014 |
| 166页:图;29cm |
| ISBN 978-7-5082-9049-2:CNY28.00 |
| 本书围绕初学长笛需要掌握的基础知识和基本技能两大关键内容作了通俗易懂的讲解。主要内容包括: 概述、基础乐理、长笛的演奏方法、基础练习、演奏曲目等。 |
| ● |
| 相关链接 |
|
|
|
|
正题名:长笛吹奏入门
索取号:J621.16/254
 
预约/预借
| 序号 | 登录号 | 条形码 | 馆藏地/架位号 | 状态 | 备注 |
| 1 | 865837 | 208658371 | 第一样本阅览室/ [索取号:J621.16/254] | 在馆 | |
| 2 | 865838 | 208658380 | 音乐系资料室/ [索取号:J621.16/254] | 在馆 | |
| 3 | 865839 | 208658399 | 第一借阅区/ [索取号:J621.16/254] | 在馆 | |
| 4 | 865840 | 208658406 | 第一借阅区/ [索取号:J621.16/254] | 在馆 |